| 000 | 00919nam a22002177a 4500 | ||
|---|---|---|---|
| 005 | 20250624152429.0 | ||
| 010 | _aB-768487-515 BACEN25 | ||
| 020 |
_a9789364376709 _c450.00 |
||
| 035 | _aB-768487-515 | ||
| 037 | _bpragati | ||
| 082 | _a320 | ||
| 100 |
_aNihit kishor _982304 |
||
| 245 |
_aArihant's Indian Polity Prelims possible: _bIAS & state pcs 310+solved/ _cby Nihit kishor,Santosh panday |
||
| 260 |
_aNew Delhi _bArihant Publications _c2024 |
||
| 270 |
_aRamchhaya 4577/15, Agarwal Road,Darya Ganj, _bNew Delhi _e110002 |
||
| 300 |
_a472p. _c28cm(pbk) |
||
| 500 | _achapterwise-topicwise-2024-1990 | ||
| 700 |
_apanday,Santosh, _977780 |
||
| 942 |
_2ddc _cEN _h320 _mRAJ |
||
| 999 |
_c209214 _d209214 |
||